Reglamento para el uso de la reserva de educación
El documento consiste en el Reglamento para el uso de la Reserva de Educación en las Asociaciones Cooperativas, para el año 1975.
Bewaard in:
| Coauteur: | |
|---|---|
| Formaat: | Texto |
| Taal: | Spanish |
| Gepubliceerd in: |
San José:
Publicaciones INFOCOOP ,
noviembre 1975
|
| Onderwerpen: | |
| Tags: |
Voeg label toe
Geen labels, Wees de eerste die dit record labelt!
|
MARC
| LEADER | 00000 a a2200000 04500 | ||
|---|---|---|---|
| 001 | 13988 | ||
| 003 | cru CIDCACS/IIS | ||
| 005 | 20220809084621.0 | ||
| 008 | 200207b1975 cr |||||r|||||||| ||spa|d | ||
| 040 | |c cru CIDCACS/IIS | ||
| 090 | |a 03.03.04 CR8374r | ||
| 110 | |a Instituto Nacional de Fomento Cooperativo (Costa Rica) | ||
| 245 | |a Reglamento para el uso de la reserva de educación | ||
| 260 | |a San José: |b Publicaciones INFOCOOP , |c noviembre 1975 | ||
| 300 | |a 4 páginas | ||
| 500 | |a hay otra copia de 10 páginas | ||
| 520 | |a El documento consiste en el Reglamento para el uso de la Reserva de Educación en las Asociaciones Cooperativas, para el año 1975. | ||
| 650 | |a COOPERATIVAS | ||
| 650 | |a EDUCACION COOPERATIVA | ||
| 650 | |a RECURSOS PRESUPUESTARIOS | ||
| 650 | |a LEGISLACION | ||
| 942 | |2 ddc |c LI | ||
| 999 | |c 42936 |d 42936 | ||
